<?xml version="1.0" encoding="UTF-8"?>
<collection xmlns="http://www.loc.gov/MARC21/slim">
 <record>
  <leader>00924nam a22002295  4500</leader>
  <controlfield tag="001">EAD.ead003343</controlfield>
  <controlfield tag="008">080718s1996####ag#######b####000#0#spa#d</controlfield>
  <controlfield tag="005">20121122185816.0</controlfield>
  <datafield tag="245" ind1="1" ind2="3">
   <subfield code="a">El poder dentro de la empresa /</subfield>
   <subfield code="c">Santiago Lazzati.</subfield>
  </datafield>
  <datafield tag="260" ind1=" " ind2=" ">
   <subfield code="a">Buenos Aires :</subfield>
   <subfield code="b">Mercado,</subfield>
   <subfield code="c">1996.</subfield>
  </datafield>
  <datafield tag="300" ind1=" " ind2=" ">
   <subfield code="a">[16] p. ;</subfield>
   <subfield code="c">20 cm.</subfield>
  </datafield>
  <datafield tag="490" ind1="1" ind2=" ">
   <subfield code="a">Cuadernos de actualización empresarial</subfield>
  </datafield>
  <datafield tag="500" ind1=" " ind2=" ">
   <subfield code="a">Exposición realizada en la primera jornada de business to business'96 organizada por la revista Mercado.</subfield>
  </datafield>
  <datafield tag="504" ind1=" " ind2=" ">
   <subfield code="a">Incluye referencias bibliográficas.</subfield>
  </datafield>
  <datafield tag="100" ind1="1" ind2=" ">
   <subfield code="a">Lazzati, Santiago.</subfield>
  </datafield>
  <datafield tag="711" ind1="2" ind2=" ">
   <subfield code="a">Jornada de Business to business</subfield>
   <subfield code="n">(1a. :</subfield>
   <subfield code="d">1996 :</subfield>
   <subfield code="c">Buenos Aires, Argentina)</subfield>
  </datafield>
  <datafield tag="830" ind1=" " ind2="0">
   <subfield code="a">Cuadernos de actualización empresarial.</subfield>
  </datafield>
  <datafield tag="082" ind1="0" ind2="4">
   <subfield code="a">658.4</subfield>
   <subfield code="2">21</subfield>
  </datafield>
  <datafield tag="650" ind1=" " ind2="7">
   <subfield code="a">Administración de empresas.</subfield>
   <subfield code="2">unbist</subfield>
  </datafield>
  <datafield tag="650" ind1=" " ind2="7">
   <subfield code="a">Gestión.</subfield>
   <subfield code="2">unbist</subfield>
  </datafield>
  <datafield tag="650" ind1=" " ind2="7">
   <subfield code="a">Directorios.</subfield>
   <subfield code="2">unbist</subfield>
  </datafield>
  <datafield tag="859" ind1=" " ind2=" ">
   <subfield code="a">AR-BaBDC</subfield>
   <subfield code="b">BIB. ADMINISTRACION - Libros</subfield>
   <subfield code="h">658.4</subfield>
   <subfield code="i">L457-1</subfield>
   <subfield code="p">b03396</subfield>
  </datafield>
 </record>
</collection>
